Guess the lyrics (#87) - Statistics

General Stats
  • This quiz has been taken 88 times
  • The average score is 108 of 239
Answer Stats
Answer % Correct
I
97%
a
96%
the
93%
you
91%
You
91%
me
88%
me,
88%
and
86%
And
86%
to
82%
be
81%
when
81%
on
78%
do
77%
it,
74%
love
74%
my
73%
then
73%
so
70%
So
70%
of
69%
your
69%
can
68%
if
68%
If
68%
for
65%
that
64%
what
61%
don't
59%
Don't
59%
all
58%
I'm
57%
know
55%
will
55%
I'll
54%
one
54%
Why
53%
Why,
53%
why
53%
but
51%
like
51%
Oh
50%
have
49%
only
49%
every
46%
how
46%
just
46%
get
45%
see
43%
time
43%
whoa,
42%
with
42%
need
41%
was
41%
mine
39%
you'll
39%
got
38%
life
38%
Take
36%
Make
35%
some
35%
let
34%
never
34%
night
34%
than
32%
baby,
31%
'Cause
30%
right,
30%
right
30%
more
28%
husband
24%
husband,
24%
things
24%
wanna
24%
lovin'
23%
leave
20%
Tell
20%
treat
20%
even
19%
Even
19%
may
19%
try
18%
wife
18%
babe
16%
Dear
16%
future
16%
After
15%
few
15%
Here's
15%
side
15%
gotta
14%
each
12%
forget
12%
hey
12%
home
12%
lady
12%
left
12%
maybe
12%
wrong,
12%
wrong
12%
date,
11%
lonely
11%
mind,
11%
acting
9%
deserve
9%
thinking
9%
bed,
8%
crazy
8%
everything's
8%
perfect
8%
Sing
8%
sing,
8%
sing
8%
along
7%
anniversary
7%
beautiful
7%
better
7%
fight,
7%
flowers
7%
guy
7%
kisses
7%
sleeping
7%
body
5%
buy,
5%
Buy
5%
buy
5%
family
5%
Open
5%
ring,
5%
special
5%
5,
4%
9
4%
Buying
4%
buying
4%
cook,
4%
dirty
4%
disagree?
4%
groceries,
4%
learned
4%
rock
4%
write
4%
apologize
3%
apple
3%
bakin'
3%
classy
3%
doors
3%
hook
3%
pies
3%
No matching quizzes found
Score Distribution
Percent of People with Each Score
Percentile by Number Answered
Your Score History
You have not taken this quiz